00329pab a2200133 454500008004000000100002600040245003200066260000900098300001000107362001100117650003200128700002400160773001100184180718b1988 xxu||||| |||| 00| 0 eng d aReddy, K. Ramachandra aDebt problem in Third World c1988 a10-13 a1 Jan. aDebt - Underdeveloped Areas aD. Reghunatha Reddy aYojana